Madeco: 47 memoría y balance 1992
Gardado en:
| Formato: | Libro |
|---|---|
| Idioma: | Lingua castelá |
| Publicado: |
Santiago
Madeco
1992
|
| Subjects: | |
| Tags: |
Engadir etiqueta
Sen Etiquetas, Sexa o primeiro en etiquetar este rexistro!
|
MARC
| LEADER | 00000nam a2200000 a 4500 | ||
|---|---|---|---|
| 001 | UCS2952 | ||
| 003 | CL-VaPUC | ||
| 008 | 970609e19920000CL |||||||||||||||||spa|d | ||
| 082 | 0 | 4 | |a 380 |b MAD |2 21 |
| 245 | 1 | 0 | |a Madeco: 47 memoría y balance 1992 |
| 300 | |a 174 P | ||
| 942 | |c BK | ||
| 945 | |d 19970609 00:00:00 |a amoreno | ||
| 260 | |a Santiago |b Madeco |c 1992 | ||
| 650 | 0 | |a Empresa |9 350507 | |
| 650 | 7 | |a ORGANIGRAMA |2 CL-VaPUC |9 388846 | |
| 650 | 7 | |a DIRECTORIO |2 CL-VaPUC |9 381464 | |
| 650 | 0 | |a Bancos |9 254963 | |
| 650 | 0 | |a Política económica |9 255029 | |
| 650 | 7 | |a ESTADOS FINANCIEROS |2 CL-VaPUC |9 388847 | |
| 650 | 7 | |a INDUSTRIA |2 CL-VaPUC |9 315110 | |
| 583 | |a last modification |c 19970609 00:00:00 |k Rodrigo Vera | ||
| 999 | |c 260829 |d 260827 | ||
| 952 | |0 0 |1 0 |4 0 |6 380_000000000000000_MAD_1992 |7 0 |8 A |9 287346 |a BIBGIM |b BIBGIM |d 2019-11-19 |i 3312011 |o 380 MAD 1992 |p 3312011 |r 2025-01-15 |w 2019-11-19 |y BK |k COM | ||